Para una edición más completa de las Obras completas de Fernando de los Ríos / (Record no. 169400)
[ view plain ]
| 000 -LEADER | |
|---|---|
| campo de control de longitud fija | 00722nam a22001935i 4500 |
| 001 - NÚMERO DE CONTROL | |
| campo de control | 169400 |
| 003 - IDENTIFICADOR DE NÚMERO DE CONTROL | |
| campo de control | ES-MaACL |
| 005 - FECHA Y HORA DE LA ÚLTIMA TRANSACCIÓN | |
| campo de control | 20230906214100.0 |
| 008 - DATOS DE LONGITUD FIJA--INFORMACIÓN GENERAL | |
| campo de control de longitud fija | 080908s2006 sp |||| | spa d |
| 080 ## - NÚMERO DE LA CLASIFICACIÓN DECIMAL UNIVERSAL | |
| Número de la Clasificación Decimal Universal | 012 Ríos Urruti, Fernando de los |
| 100 1# - ENTRADA PRINCIPAL--NOMBRE DE PERSONA | |
| Nombre de persona | Ruiz Manjón, Octavio. |
| 9 (RLIN) | 100860 |
| 245 10 - MENCIÓN DEL TÍTULO | |
| Título | Para una edición más completa de las Obras completas de Fernando de los Ríos / |
| Mención de responsabilidad, etc. | Octavio Ruiz-Manjón. |
| 260 ## - PUBLICACIÓN, DISTRIBUCIÓN, ETC. | |
| Lugar de publicación, distribución, etc. | Madrid : |
| Nombre del editor, distribuidor, etc. | [s.n.], |
| Fecha de publicación, distribución, etc. | 2006. |
| 300 ## - DESCRIPCIÓN FÍSICA | |
| Extensión | P. 345-357 ; |
| Dimensiones | 24 cm. |
| 595 ## - | |
| -- | Separata de: Cuadernos de Historia Contemporánea, 2006, vol. 28. |
| 600 17 - PUNTO DE ACCESO ADICIONAL DE MATERIA--NOMBRE DE PERSONA | |
| Nombre de persona | Ríos, Fernando de los, |
| Fechas asociadas al nombre | 1879-1949- |
| Subdivisión de forma | Bibliografías |
| Fuente del encabezamiento o término | |
| 9 (RLIN) | 138494 |
| 852 ## - LOCALIZACIÓN | |
| Ubicación | ES-MaACL |
| Número de control de estantería | 2234-F-24 |
| itemnumber | R.143886 |
| Estatus retirado | Estado de pérdida | Estado de daño | No para préstamo | Colección | Biblioteca de origen | Biblioteca actual | Ubicación en estantería | Fecha de adquisición | Fuente de adquisición | Total de préstamos | Signatura topográfica completa | Código de barras | Visto por última vez | Precio de reemplazo | Tipo de ítem Koha |
|---|---|---|---|---|---|---|---|---|---|---|---|---|---|---|---|
| Colección de folletos | Biblioteca del Ateneo de Madrid | Biblioteca del Ateneo de Madrid | Depósito folletos | 08/09/2008 | 2234-F-24 | 1177845 | 23/02/2023 | 23/02/2023 | Folleto |
